000 00656nam a22002172 4500
001 0000003971
005 20151217145747.0
008 070517s xx 000 0 eng d
020 _a9971512203 :
_cKES 1,050
040 _aKABU
_cKABU
050 0 _aQA76.5
_b.C64 1997
100 1 _aCohen, Daniel I. A.
_@0000154263
245 1 0 _aIntroduction to computer theory /
_cDaniel I. A. Cohen.
250 _a2nd ed.
260 _aNew York :
_bJohn Wiley & Sons,
_cc1997.
300 _axiv, 634 p. ;
_c24 cm.
650 0 _aElectronic digital computers.
_@0000071023
908 _a070517
950 _@1
999 _c2344
_d2344